| Tag |
First Indicator |
Second Indicator |
Subfields |
| LEADER |
00000cam a2200000 i 4500 |
| 001 |
in00000326537 |
| 005 |
20151010161707.0 |
| 008 |
790105r19771609ne a 00010 eng d |
| 010 |
|
|
|a 77007415
|
| 020 |
|
|
|a 9022108775
|
| 035 |
|
|
|a (OCoLC)04521088
|
| 035 |
|
|
|9 ABJ5750AM
|
| 040 |
|
|
|a OSU
|c OSU
|d TXA
|d UtOrBLW
|
| 041 |
1 |
|
|a eng
|a fre
|
| 049 |
|
|
|a TXAM
|c [1188083]
|
| 090 |
|
|
|a F1030
|b .L65 1977
|
| 100 |
1 |
|
|a Lescarbot, Marc.
|
| 245 |
1 |
0 |
|a Nova Francia /
|c Marc Lescarbot.
|
| 264 |
|
1 |
|a Amsterdam :
|b Theatrum Orbis Terrarum ;
|a Norwood, N. J. :
|b Walter J. Johnson,
|c 1977.
|
| 300 |
|
|
|a 307 pages, 1 unnumbered folded leaf of plates :
|b illustrations ;
|c 22 cm.
|
| 336 |
|
|
|a text
|b txt
|2 rdacontent
|
| 337 |
|
|
|a unmediated
|b n
|2 rdamedia
|
| 338 |
|
|
|a volume
|b nc
|2 rdacarrier
|
| 490 |
1 |
|
|a The English experience, its record in early printed books published in facsimile,
|v 877
|
| 500 |
|
|
|a "S.T.C. number 15491."
|
| 500 |
|
|
|a Reprint of 1609 edition, imprinted by George Bishop, London.
|
| 500 |
|
|
|a Translation of Lescarbot's Histoire de la Nouvelle France.
|
| 500 |
|
|
|a Translated by Pierre Erondelle.
|
| 650 |
|
0 |
|a Indians of North America.
|
| 650 |
|
0 |
|a Indians of North America
|z Nova Scotia.
|
| 651 |
|
0 |
|a New France
|x Discovery and exploration.
|
| 651 |
|
0 |
|a Acadia.
|
| 700 |
1 |
|
|a Erondelle, Pierre,
|d active 1586-1609.
|
| 830 |
|
0 |
|a English experience, its record in early printed books published in facsimile ;
|v no. 877.
|
| 999 |
|
|
|a MARS
|
| 999 |
f |
f |
|s e4f31e66-6060-3cc2-91cc-3b1f8e248411
|i b172af18-5cbc-3daa-a454-bbe4d2f93ceb
|t 0
|
| 952 |
f |
f |
|p ric
|a Texas A&M University
|b Rellis Campus
|c Joint Library Facility
|d Remote Storage
|t 0
|e F1030 .L65 1977
|h Library of Congress classification
|i unmediated -- volume
|m A14802328752
|
| 998 |
f |
f |
|a F1030 .L65 1977
|t 0
|l Remote Storage
|